000 02154cam a2200181 4500500
005 20260329040459.0
041 _afre
042 _adc
100 1 0 _aBoyer, Jean-Claude
_eauthor
700 1 0 _aCarroué, Laurent
_eauthor
700 1 0 _aGras, Jacques
_eauthor
700 1 0 _aLe Fur, Anne
_eauthor
700 1 0 _aMontagné-Villette, Solange
_eauthor
245 0 0 _aLa France : Les 26 régions
260 _bArmand Colin,
_c2009.
520 _aLa région est reconnue comme une collectivité territoriale majeure depuis la décentralisation (1982-1983) et la régionalisation (2003- 2004). Ses domaines d’intervention touchent à la vie économique (subventions d’entreprises, contrôle des transports, entretien des routes nationales), à la vie sociale (formation, stages, etc., à la vie scolaire, universitaire et culturelle, ainsi qu’à l’aménagement du territoire régional. Les auteurs ont ici considéré les contrats de plan État-région et les politiques menées à l’échelon régional, garantes d’une cohérence mais parfois cause de tensions intra-régionales. Tant pour la métropole que pour l’outre-mer, ils s’interrogent sur le découpage régional, sa signification et sa pertinence ainsi que sur la cohérence territoriale. Les identités régionales s’appuient diversement sur le milieu physique, l’histoire, une homogénéité culturelle et sociopolitique, sur la polarisation d’une grande ville ou sur une politique régionale volontariste. On tient compte des spécificités et des acteurs régionaux : personnalités et partis politiques, syndicats, maires, associations, entreprises, presse régionale. Par l’analyse exhaustive des régions françaises, l’ouvrage est un outil indispensable qui exploite les recensements agricoles, de l’INSEE, celui de 2006 publié en 2009, les données des CCI, ports, aéroports, voies navigables de France, entreprises, Pôle Emploi, municipalités… Il met en forme ces données dans plus de 80 cartes, graphiques analytiques et tableaux.
856 4 1 _uhttps://shs.cairn.info/la-france-les-26-regions--9782200355739?lang=fr&redirect-ssocas=7080
999 _c1972543
_d1972543